L'étrange historier des zeppelins

Bewaard in:
Bibliografische gegevens
Hoofdauteur: Role, Maurice
Formaat: Boek
Taal:Undetermined
Gepubliceerd in: Paris Éditions France Empire 1972
Onderwerpen:
Tags: Voeg label toe
Geen labels, Wees de eerste die dit record labelt!
Thư viện lưu trữ: Trung tâm Học liệu Trường Đại học Cần Thơ
LEADER 00505nam a2200181Ia 4500
001 CTU_86694
008 210402s9999 xx 000 0 und d
082 |a 387.7 
082 |b R745 
100 |a Role, Maurice 
245 0 |a L'étrange historier des zeppelins 
245 0 |c Maurice Role 
260 |a Paris 
260 |b Éditions France Empire 
260 |c 1972 
650 |a Air transportation industry,Airline industry 
904 |i Năm 
980 |a Trung tâm Học liệu Trường Đại học Cần Thơ